[Event "European Blitz 2017"]
[Site "Katowice POL"]
[Date "2017.12.15"]
[Round "21.4"]
[White "McShane, Luke J"]
[Black "Andriasian, Zaven"]
[Result "1-0"]
[WhiteTitle "GM"]
[BlackTitle "GM"]
[WhiteElo "2640"]
[BlackElo "2585"]
[WhiteFideId "404853"]
[BlackFideId "13302000"]
[EventDate "2017.12.15"]
[EventType "blitz"]

1. e4 c5 2. Nc3 d6 3. Nge2 Nf6 4. g3 g6 5. Bg2 Bg7 6. O-O Nc6 7. d3 Rb8 8. Be3
O-O 9. h3 b5 10. a3 a5 11. Qd2 b4 12. axb4 axb4 13. Nd1 Re8 14. Kh2 Bb7 15. f4
e6 16. Nf2 Nd7 17. c3 Qe7 18. g4 Ra8 19. Nh1 d5 20. Nhg3 bxc3 21. bxc3 d4 22.
cxd4 Nxd4 23. Rab1 Bc6 24. Nxd4 cxd4 25. Bf2 Ra3 26. Rfc1 Rc3 27. Bxd4 Rxc1 28.
Rxc1 Bxd4 29. Rxc6 Rb8 30. e5 Qa3 31. Ne2 Rb2 32. Rc2 Be3 33. Rc8+ Nf8 34. Qxe3
Kg7 35. f5 exf5 36. gxf5 gxf5 37. Ng3 Ne6 38. Nxf5+ Kg6 39. Qh6+ Kxf5 40. Qf6# 1-0

[Event "European Blitz 2017"]
[Site "Katowice POL"]
[Date "2017.12.15"]
[Round "21.7"]
[White "Fridman, Daniel"]
[Black "Warakomski, Tomasz"]
[Result "0-1"]
[WhiteTitle "GM"]
[BlackTitle "GM"]
[WhiteElo "2633"]
[BlackElo "2537"]
[WhiteFideId "11600454"]
[BlackFideId "1124552"]
[EventDate "2017.12.15"]
[EventType "blitz"]

1. Nf3 d5 2. c4 d4 3. g3 Nc6 4. Bg2 e5 5. O-O Nf6 6. d3 Be7 7. b4 Nxb4 8. Nxe5
O-O 9. Bb2 c5 10. a3 Na6 11. Nd2 Nc7 12. e3 Ne6 13. Nb3 dxe3 14. fxe3 a5 15. Qe2
a4 16. Nd2 Ra6 17. Ne4 Rb6 18. Bc3 Rb3 19. Qc2 Nxe4 20. Bxe4 Ng5 21. Bd5 Be6 22.
h4 Bxd5 23. cxd5 Qxd5 24. hxg5 Bxg5 25. e4 Qe6 26. Nf3 Be7 27. Kg2 Rd8 28. Nd2
Rb6 29. Nc4 Rb3 30. Nd2 Rb5 31. Rab1 Rxb1 32. Rxb1 Qd7 33. Ba5 Qxd3 34. Qxd3
Rxd3 35. Nc4 Rb3 36. Rxb3 axb3 37. a4 Bf6 38. Kf3 b2 39. Nd2 Be5 40. g4 g6 41.
Ke2 h5 42. gxh5 gxh5 43. Kf3 Kf8 44. Nb1 Ke7 45. Bc3 Bxc3 46. Nxc3 Kd6 47. Kf4
h4 48. Nb5+ Ke6 49. Nc3 h3 50. Kg3 Ke5 51. Kxh3 Kd4 52. Nb1 c4 53. Kg3 c3 0-1

[Event "European Blitz 2017"]
[Site "Katowice POL"]
[Date "2017.12.15"]
[Round "21.8"]
[White "Dziuba, Marcin"]
[Black "Ponkratov, Pavel"]
[Result "0-1"]
[WhiteTitle "GM"]
[BlackTitle "GM"]
[WhiteElo "2584"]
[BlackElo "2613"]
[WhiteFideId "1112953"]
[BlackFideId "4157800"]
[EventDate "2017.12.15"]
[EventType "blitz"]

1. d4 Nf6 2. c4 e6 3. Nf3 c5 4. d5 exd5 5. cxd5 d6 6. Nc3 g6 7. Bf4 a6 8. a4 Bg7
9. h3 O-O 10. e3 Qe7 11. Nd2 Nbd7 12. Be2 Ne5 13. O-O Nfd7 14. a5 f5 15. Qc2 g5
16. Bh2 f4 17. exf4 gxf4 18. Rae1 Qg5 19. Kh1 Rb8 20. Rg1 b5 21. axb6 Rxb6 22.
g4 Rb4 23. f3 Qh4 24. Nde4 Qxh3 25. Ng5 Qh4 26. Ne6 Rf7 27. b3 Bb7 28. Rd1 Nf6
29. Rg2 Re7 30. Kg1 Ng6 31. Bc4 Nd7 32. Ne4 Be5 33. Kf1 Nf6 34. Nxf6+ Qxf6 35.
g5 Qf7 36. Re2 Qe8 37. Rde1 a5 38. Nxf4 Nxf4 39. Bxf4 Qh5 40. Bxe5 Qxf3+ 41. Kg1
Rxe5 42. Rxe5 dxe5 43. d6+ Kg7 44. Kh2 Qf4+ 45. Kg1 a4 46. Qf2 Qxg5+ 47. Kf1
axb3 48. d7 Rxc4 49. Rxe5 Rc1+ 50. Ke2 Qxe5+ 51. Qe3 Qxe3+ 52. Kxe3 Rd1 0-1

[Event "European Blitz 2017"]
[Site "Katowice POL"]
[Date "2017.12.15"]
[Round "21.9"]
[White "Demidov, Mikhail"]
[Black "Gajewski, Grzegorz"]
[Result "0-1"]
[WhiteTitle "IM"]
[BlackTitle "GM"]
[WhiteElo "2523"]
[BlackElo "2601"]
[WhiteFideId "4197143"]
[BlackFideId "1116207"]
[EventDate "2017.12.15"]
[EventType "blitz"]

1. d4 Nf6 2. Bg5 d5 3. Bxf6 gxf6 4. e3 c5 5. c3 Nc6 6. Nf3 e5 7. dxc5 Bxc5 8.
Nbd2 Be6 9. Qa4 O-O 10. Rd1 Kh8 11. Nb3 Be7 12. g3 e4 13. Nfd4 Ne5 14. Nxe6 Nf3+
15. Ke2 fxe6 16. Bg2 Ne5 17. Bxe4 Nc4 18. Qxc4 dxc4 19. Rxd8 Raxd8 20. Na5 b5
21. Nc6 Rd7 22. Nd4 Rd6 23. Nc6 f5 24. Bf3 Bf6 25. Nxa7 Ra6 26. Nxb5 Rxa2 27.
Rb1 Rb8 28. Nd6 Rbxb2+ 29. Rxb2 Rxb2+ 30. Kf1 Bxc3 31. Nxc4 Rc2 32. Bd1 Rc1 33.
Ke2 Kg7 34. Bb3 Rb1 35. Bc2 Rc1 36. Bb3 Kf6 37. h4 Bb4 38. Kd3 Rc3+ 0-1

[Event "European Blitz 2017"]
[Site "Katowice POL"]
[Date "2017.12.15"]
[Round "21.10"]
[White "Bosiocic, Marin"]
[Black "Kislinsky, Alexey"]
[Result "0-1"]
[WhiteTitle "GM"]
[BlackTitle "GM"]
[WhiteElo "2624"]
[BlackElo "2513"]
[WhiteFideId "14507927"]
[BlackFideId "14108801"]
[EventDate "2017.12.15"]
[EventType "blitz"]

1. d4 Nf6 2. Bg5 Ne4 3. Bf4 Nc6 4. f3 Nf6 5. e4 d6 6. Bb5 Bd7 7. d5 Nb8 8. Bc4
g6 9. Nc3 c6 10. Qd2 a5 11. Nge2 Na6 12. dxc6 bxc6 13. e5 Nh5 14. exd6 Nxf4 15.
Qxf4 e6 16. Bxa6 Rxa6 17. g4 Bg7 18. g5 Rb6 19. b3 Rb4 20. Qe3 h6 21. a3 Rh4 22.
f4 hxg5 23. fxg5 Rh3 24. Ng3 Bxc3+ 25. Qxc3 Qxg5 26. Rd1 c5 27. Rd2 R8h4 28. Kd1
Rxg3 29. Qxa5 Rg1+ 30. Rxg1 Qxg1+ 31. Ke2 Rxh2+ 32. Kd3 Qd4# 0-1

[Event "European Blitz 2017"]
[Site "Katowice POL"]
[Date "2017.12.15"]
[Round "21.11"]
[White "Jakubowski, Krzysztof"]
[Black "Moskalenko, Alexander"]
[Result "1-0"]
[WhiteTitle "GM"]
[BlackTitle "IM"]
[WhiteElo "2526"]
[BlackElo "2522"]
[WhiteFideId "1112848"]
[BlackFideId "4155351"]
[EventDate "2017.12.15"]
[EventType "blitz"]

1. d4 Nf6 2. Nf3 e6 3. Bf4 d5 4. e3 Bd6 5. Bg3 b6 6. Nbd2 c5 7. c3 O-O 8. Bd3
Ba6 9. Qe2 Bxd3 10. Qxd3 Nc6 11. O-O Bxg3 12. hxg3 Qc7 13. dxc5 bxc5 14. c4 d4
15. exd4 cxd4 16. a3 a5 17. Ne4 Nxe4 18. Qxe4 e5 19. Ng5 g6 20. Qh4 f5 21. Ne6
Qf7 22. Nxf8 Rxf8 23. g4 f4 24. c5 d3 25. Qg5 Qd5 26. b4 Kg7 27. Rfd1 h6 28. Qh4
g5 29. Qh3 e4 30. b5 Nd4 31. b6 Ne2+ 32. Kh1 Qxc5 33. b7 Qxf2 34. Rab1 Ng3+ 35.
Kh2 Rb8 36. Rb5 d2 37. Rd5 Rxb7 38. Rd6 Nf1+ 39. Rxf1 Qg3+ 40. Qxg3 fxg3+ 41.
Kxg3 Rb3+ 42. Kf2 Rxa3 43. Ke2 Rg3 44. Rf2 e3 45. Rd7+ Kg6 46. Rd6+ Kg7 47. Rd7+
Kg6 48. Rd6+ Kg7 49. Rf3 Rxg2+ 50. Kxe3 Rxg4 51. Kxd2 a4 52. Rc3 Rg2+ 53. Ke1
Kf7 54. Rc7+ Ke8 55. Rxh6 Kd8 56. Ra7 Rg1+ 57. Kf2 1-0

[Event "European Blitz 2017"]
[Site "Katowice POL"]
[Date "2017.12.15"]
[Round "21.12"]
[White "Jussupow, Artur"]
[Black "Jaracz, Pawel"]
[Result "0-1"]
[WhiteTitle "GM"]
[BlackTitle "GM"]
[WhiteElo "2582"]
[BlackElo "2465"]
[WhiteFideId "4618777"]
[BlackFideId "1102222"]
[EventDate "2017.12.15"]
[EventType "blitz"]

1. d4 d5 2. Nf3 Nf6 3. e3 c6 4. Bd3 Bg4 5. Nbd2 Nbd7 6. h3 Bh5 7. O-O e6 8. Qe1
Be7 9. Ne5 Nxe5 10. dxe5 Nd7 11. f4 Bg6 12. e4 O-O 13. exd5 cxd5 14. Bxg6 fxg6
15. Nb3 Nc5 16. Nd4 Ne4 17. Be3 Qd7 18. Qe2 Ng3 19. Qg4 Nxf1 20. Rxf1 Bc5 21. c3
b5 22. h4 Bxd4 23. Bxd4 Rf5 24. g3 a5 25. a3 Rb8 26. Qe2 b4 27. axb4 axb4 28. g4
Rf7 29. h5 gxh5 30. gxh5 Rf5 31. Qg4 bxc3 32. bxc3 h6 33. Ra1 Qf7 34. Ra7 Rb7
35. Ra6 Re7 36. Qg6 Qxg6+ 37. hxg6 Rxf4 38. Ra8+ Rf8 39. Ra6 Rfe8 40. Kg2 Rb7
41. Kg3 Rb1 42. Kg4 Rb2 43. Kh3 Rb1 44. Ra7 Rh1+ 45. Kg2 Rh5 46. Be3 Rxe5 47.
Bd4 Rg5+ 48. Kf3 Rxg6 49. Kf4 Rg5 50. Be5 Rf5+ 0-1

[Event "European Blitz 2017"]
[Site "Katowice POL"]
[Date "2017.12.15"]
[Round "21.13"]
[White "Tomczak, Mikolaj"]
[Black "Piorun, Kacper"]
[Result "1-0"]
[WhiteTitle "FM"]
[BlackTitle "GM"]
[WhiteElo "2372"]
[BlackElo "2651"]
[WhiteFideId "1175114"]
[BlackFideId "1130420"]
[EventDate "2017.12.15"]
[EventType "blitz"]

1. d4 d5 2. c4 e6 3. Nc3 Bb4 4. cxd5 exd5 5. Nf3 Nf6 6. Bg5 Qd6 7. Bxf6 Qxf6 8.
e3 O-O 9. Bd3 c6 10. O-O Bg4 11. Be2 Bd6 12. h3 Be6 13. e4 dxe4 14. Nxe4 Qd8 15.
Bd3 Be7 16. Nc5 Bxc5 17. dxc5 Nd7 18. Qc2 h6 19. b4 Qf6 20. Rad1 Kh8 21. Bc4 Bf5
22. Bd3 Bxd3 23. Rxd3 Ne5 24. Nxe5 Qxe5 25. Rd7 a5 26. Rxb7 axb4 27. Rxb4 Ra5
28. Rc4 Rfa8 29. a4 g6 30. Rd1 Kg7 31. Rd6 Rxc5 32. Rxg6+ fxg6 33. Rxc5 Qa1+ 34.
Kh2 Qxa4 35. Qc3+ Kh7 36. Qf6 Qa7 37. Re5 Qc7 38. f4 Rg8 39. Re7+ Qxe7 40. Qxe7+
Rg7 41. Qd6 1-0

[Event "European Blitz 2017"]
[Site "Katowice POL"]
[Date "2017.12.15"]
[Round "21.14"]
[White "Brunello, Sabino"]
[Black "Heberla, Bartlomiej"]
[Result "0-1"]
[WhiteTitle "GM"]
[BlackTitle "GM"]
[WhiteElo "2553"]
[BlackElo "2555"]
[WhiteFideId "813613"]
[BlackFideId "1115120"]
[EventDate "2017.12.15"]
[EventType "blitz"]

1. c4 e6 2. b3 d5 3. Bb2 c5 4. e3 Nc6 5. cxd5 exd5 6. Nf3 Nf6 7. d4 cxd4 8. Nxd4
Ne4 9. Nc3 Bb4 10. Rc1 Qa5 11. Nxc6 bxc6 12. Qd4 Qxa2 13. Bd3 Qxb2 14. Bxe4
Qxc1+ 15. Ke2 Qxc3 16. Qxc3 Bxc3 17. Bd3 0-1

[Event "European Blitz 2017"]
[Site "Katowice POL"]
[Date "2017.12.15"]
[Round "21.15"]
[White "Meskovs, Nikita"]
[Black "Plat, Vojtech"]
[Result "1-0"]
[WhiteTitle "GM"]
[BlackTitle "GM"]
[WhiteElo "2538"]
[BlackElo "2567"]
[WhiteFideId "11602740"]
[BlackFideId "325740"]
[EventDate "2017.12.15"]
[EventType "blitz"]

1. d4 d6 2. Nf3 Bg4 3. c4 c6 4. Nc3 Nd7 5. e3 e5 6. Be2 Ngf6 7. h3 Bh5 8. b4 Be7
9. b5 Qc7 10. O-O O-O 11. Ba3 Rfe8 12. Rb1 Bg6 13. Rb3 Bf8 14. Nh4 exd4 15. exd4
c5 16. Nxg6 hxg6 17. Bf3 cxd4 18. Qxd4 Ne5 19. Nd5 Nxf3+ 20. Rxf3 Nxd5 21. Qxd5
Rac8 22. Rc1 Re6 23. Bb2 Rce8 24. Bd4 b6 25. g4 Qd7 26. Kg2 Re4 27. a4 Qe6 28.
Rd3 Qc8 29. a5 bxa5 30. Bxa7 R4e5 31. Qf3 a4 32. Bd4 Re4 33. b6 Qa8 34. Be3 Qc8
35. Rdc3 Qc6 36. c5 d5 37. Rd3 Ra8 38. Rcd1 a3 39. Ra1 a2 40. Rc3 Ree8 41. Rc2
Qe6 42. c6 d4 43. Bxd4 Ra4 44. Be3 Bd6 45. c7 Rc4 46. Rcxa2 Be5 47. Rd1 Bxc7 48.
bxc7 Rxc7 49. Rad2 Rce7 50. Rd8 Qb3 51. Rxe8+ Rxe8 52. Rd7 Qe6 53. Qd5 Qf6 54.
g5 Qf5 55. Qxf5 gxf5 56. Kf3 Re4 57. g6 fxg6 58. Bd4 Rh4 59. Kg3 g5 60. Rxg7+
Kf8 61. Bf6 f4+ 62. Kg2 Rh6 63. Be5 Rh5 64. Bd4 Rh4 65. Bb2 Rh5 66. Rb7 Kg8 67.
Bf6 Kf8 68. Rb5 Kf7 69. Bxg5 Kg6 70. h4 1-0

[Event "European Blitz 2017"]
[Site "Katowice POL"]
[Date "2017.12.15"]
[Round "21.16"]
[White "Pavlidis, Antonios"]
[Black "Neiksans, Arturs"]
[Result "0-1"]
[WhiteTitle "GM"]
[BlackTitle "GM"]
[WhiteElo "2539"]
[BlackElo "2590"]
[WhiteFideId "4212312"]
[BlackFideId "11601388"]
[EventDate "2017.12.15"]
[EventType "blitz"]

1. e4 e5 2. Nf3 Nc6 3. Bb5 a6 4. Ba4 Nf6 5. O-O Be7 6. Re1 b5 7. Bb3 d6 8. c3
O-O 9. h3 Nb8 10. d4 Nbd7 11. c4 c6 12. Nbd2 Bb7 13. a4 h6 14. Bc2 Re8 15. b4
Bf8 16. Bb2 g6 17. c5 exd4 18. cxd6 Bxd6 19. Bxd4 Ne5 20. Bxe5 Bxe5 21. Nxe5
Rxe5 22. Nb3 Qxd1 23. Raxd1 Rae8 24. Nc5 Bc8 25. Re3 a5 26. f4 R5e7 27. axb5
cxb5 28. e5 axb4 29. Red3 Nh5 30. Rd4 Rc7 31. Ne4 Rxc2 32. g4 Bb7 33. gxh5 Bxe4
34. Rxe4 b3 35. Rb4 b2 36. Kf1 Rc1 37. Ke1 Rd8 0-1

[Event "European Blitz 2017"]
[Site "Katowice POL"]
[Date "2017.12.15"]
[Round "21.17"]
[White "Ladva, Ottomar"]
[Black "Bartel, Mateusz"]
[Result "1-0"]
[WhiteTitle "GM"]
[BlackTitle "GM"]
[WhiteElo "2522"]
[BlackElo "2609"]
[WhiteFideId "4500024"]
[BlackFideId "1112635"]
[EventDate "2017.12.15"]
[EventType "blitz"]

1. Nf3 f5 2. d4 Nf6 3. g3 g6 4. Bg2 Bg7 5. O-O O-O 6. c4 d6 7. Nc3 c6 8. Rb1 a5
9. Qb3 Kh8 10. Rd1 Na6 11. Na4 b5 12. cxb5 cxb5 13. Nc3 Rb8 14. Nxb5 Nc7 15. a4
Bd7 16. Ng5 Qe8 17. Nxc7 Rxb3 18. Nxe8 Rxe8 19. Ra1 h6 20. Nf3 Ne4 21. Nd2 Nxd2
22. Bxd2 Bxd4 23. Bxa5 Bxb2 24. Ra2 Bf6 25. Bd2 Kg7 26. a5 e6 27. a6 d5 28. e3
Ra8 29. Bf1 Kf7 30. Rc1 Be5 31. Ra5 Ke7 32. Ra2 Bd6 33. Ba5 Ra7 34. Bc3 e5 35.
Be1 h5 36. Rd1 Be6 37. Bg2 e4 38. Bf1 Be5 39. Ra5 Rb6 40. h4 Kd6 41. Ra4 Bd7 42.
Ra5 Be6 43. Ra4 Ke7 44. Bb4+ Bd6 45. Bxd6+ Kxd6 46. Rc1 Rc6 47. Rb1 Bc8 48. Rba1
Bd7 49. Ra5 Rc5 50. R5a3 Ke5 51. Rb1 Bc6 52. Rb6 d4 53. exd4+ Kxd4 54. Ra1 Ke5
55. Rd1 Rc3 56. Rd8 Bd5 57. Rb5 1-0

[Event "European Blitz 2017"]
[Site "Katowice POL"]
[Date "2017.12.15"]
[Round "21.18"]
[White "Dvirnyy, Danyyil"]
[Black "Rocha, Sergio"]
[Result "1/2-1/2"]
[WhiteTitle "GM"]
[BlackTitle "IM"]
[WhiteElo "2532"]
[BlackElo "2370"]
[WhiteFideId "817570"]
[BlackFideId "1900404"]
[EventDate "2017.12.15"]
[EventType "blitz"]

1. Nf3 Nf6 2. g3 g6 3. Bg2 Bg7 4. O-O O-O 5. c4 d6 6. d4 c6 7. Nc3 a6 8. c5 d5
9. b4 Bf5 10. Bf4 Nbd7 11. Qb3 Ne4 12. Nxe4 dxe4 13. Ne5 Be6 14. Qb2 Bd5 15.
Rad1 f6 16. Ng4 f5 17. Ne3 e6 18. Bd6 Rf7 19. f3 exf3 20. exf3 Qg5 21. Rfe1 Qf6
22. a4 Re8 23. Nxd5 cxd5 24. f4 Qd8 25. b5 axb5 26. Qxb5 Nf6 27. Be5 Ne4 28.
Bxe4 fxe4 29. Qb6 Qa8 30. Bxg7 Kxg7 31. a5 Rfe7 32. Rb1 Rc8 33. Qd6 Kf7 34. Rb5
Rc6 35. Qe5 Ra6 36. Ra1 Qe8 37. Rab1 Qa8 38. Ra1 Qe8 39. Rb6 Qa8 40. Rb5 Qe8 41.
Rab1 Qa8 42. Ra1 1/2-1/2

[Event "European Blitz 2017"]
[Site "Katowice POL"]
[Date "2017.12.15"]
[Round "21.19"]
[White "Manik, Mikulas"]
[Black "Sakalauskas, Vaidas"]
[Result "1-0"]
[WhiteTitle "GM"]
[BlackTitle "IM"]
[WhiteElo "2415"]
[BlackElo "2351"]
[WhiteFideId "14900734"]
[BlackFideId "12800457"]
[EventDate "2017.12.15"]
[EventType "blitz"]

1. e4 c5 2. Nf3 g6 3. c3 Bg7 4. d4 cxd4 5. cxd4 d5 6. e5 Nc6 7. h3 f6 8. Bb5 Bd7
9. Bxc6 bxc6 10. O-O e6 11. Re1 Ne7 12. exf6 Bxf6 13. Bg5 O-O 14. Bxf6 Rxf6 15.
Nc3 Nf5 16. Na4 Rb8 17. b3 Qe7 18. Nc5 Bc8 19. Ne5 Qd6 20. Rc1 Rb4 21. Nf3 Rb5
22. Qd2 Qf8 23. Ne5 Qd6 24. a4 Rb6 25. Rcd1 Kg7 26. Qa5 Qe7 27. Qc3 Qd6 28. b4
Ne7 29. Qd2 Qb8 30. Ng4 Rf7 31. Qh6+ Kg8 32. Qg5 Rxb4 33. Nh6+ Kg7 34. Nxf7 Kxf7
35. Nd3 Rxa4 36. Ne5+ Ke8 37. Qf6 Qd6 38. Qh8+ 1-0

[Event "European Blitz 2017"]
[Site "Katowice POL"]
[Date "2017.12.15"]
[Round "21.20"]
[White "Valsecchi, Alessio"]
[Black "Saric, Ivan"]
[Result "1-0"]
[WhiteTitle "IM"]
[BlackTitle "GM"]
[WhiteElo "2501"]
[BlackElo "2669"]
[WhiteFideId "818860"]
[BlackFideId "14508150"]
[EventDate "2017.12.15"]
[EventType "blitz"]

1. e4 c6 2. d4 d5 3. e5 Bf5 4. h4 h5 5. c4 e6 6. Nc3 Ne7 7. Nge2 dxc4 8. Ng3 Bg6
9. Bxc4 Nd7 10. Bg5 Qb6 11. Qd2 O-O-O 12. Qe3 f6 13. exf6 gxf6 14. Bf4 Nd5 15.
Bxd5 exd5 16. O-O Re8 17. Qd2 Qb4 18. Rac1 Nb6 19. b3 Be7 20. Rfe1 Bd8 21. Nf1
Rxe1 22. Rxe1 Re8 23. Ne3 Qe7 24. Rc1 Kd7 25. a4 Qe6 26. a5 Nc8 27. Na4 Be7 28.
Re1 Bf8 29. b4 Qf7 30. Qc3 Re4 31. Bg3 f5 32. a6 b6 33. b5 c5 34. dxc5 Rxa4 35.
cxb6 Nxb6 36. Qc7+ Ke8 37. Nxd5+ Re4 38. Rxe4+ fxe4 39. Qb8+ Kd7 40. Qxa7+ Ke6
41. Nf4+ Kf5 42. Qxb6 e3 43. Qxe3 Qc4 44. Nxg6 Kxg6 45. Qg5+ Kf7 46. Qxh5+ Kg8
47. Qg6+ Bg7 48. a7 1-0

[Event "European Blitz 2017"]
[Site "Katowice POL"]
[Date "2017.12.15"]
[Round "21.21"]
[White "Sammalvuo, Tapani"]
[Black "Ragger, Markus"]
[Result "1-0"]
[WhiteTitle "IM"]
[BlackTitle "GM"]
[WhiteElo "2416"]
[BlackElo "2657"]
[WhiteFideId "501115"]
[BlackFideId "1610856"]
[EventDate "2017.12.15"]
[EventType "blitz"]

1. d4 d5 2. c4 e6 3. Nf3 a6 4. cxd5 exd5 5. Bf4 Bd6 6. Bxd6 Qxd6 7. Nc3 Nf6 8.
e3 Bf5 9. Qb3 Nbd7 10. Nh4 Be6 11. Qc2 O-O 12. Bd3 c5 13. O-O Rac8 14. dxc5 Nxc5
15. Rad1 Qe7 16. Nf5 Qc7 17. Nd4 b5 18. a3 Qb6 19. Qe2 Bg4 20. f3 Bd7 21. Bb1
Rfe8 22. Qf2 b4 23. axb4 Qxb4 24. Rd2 a5 25. Ba2 Qb7 26. Nde2 Nb3 27. Bxb3 Qxb3
28. Nf4 Bc6 29. Rfd1 a4 30. Nfe2 Qb4 31. Nd4 a3 32. Na2 Qa5 33. bxa3 Qxa3 34.
Rd3 Qa7 35. Nb4 Ba8 36. Qg3 Qe7 37. Nf5 Qf8 38. Nd6 Rcd8 39. Nxe8 Rxe8 40. Nc2
Bb7 41. Nd4 Ba6 42. Rc3 Bc4 43. Rdc1 g6 44. Qf2 Nd7 45. e4 Ne5 46. Qd2 Rd8 47.
exd5 Bxd5 48. Qf4 Qd6 49. Kh1 Bb7 50. Ne2 Qe6 51. Qg3 Nd3 52. Nf4 Nxf4 53. Qxf4
Qe2 54. Qa4 Rd2 55. Rg1 Qe7 56. Qb3 Re2 57. Qd1 h5 58. Rc1 h4 59. h3 Qe6 60. Re1
Bxf3 61. Rxe2 Bxe2 62. Qg1 Bc4 63. Re1 Qf5 64. Qd4 Be6 65. Qxh4 Qc2 66. Kh2 Qc7+
67. Qg3 Qc2 68. Rf1 Qe4 69. Rf2 Qd5 70. Qf3 Qe5+ 71. Qf4 Qd5 72. h4 Qd1 73. Qf3
Qd4 74. Qg3 Qd5 75. Re2 Qf5 76. Re5 Qf6 77. h5 Kg7 78. hxg6 fxg6 79. Qg5 Qf7 80.
Re3 Bf5 81. Re7 Kf8 82. Rxf7+ Kxf7 83. g4 1-0

[Event "European Blitz 2017"]
[Site "Katowice POL"]
[Date "2017.12.15"]
[Round "21.22"]
[White "Zorko, Jure"]
[Black "Buhmann, Rainer"]
[Result "0-1"]
[WhiteTitle "IM"]
[BlackTitle "GM"]
[WhiteElo "2457"]
[BlackElo "2584"]
[WhiteFideId "14604051"]
[BlackFideId "4651340"]
[EventDate "2017.12.15"]
[EventType "blitz"]

1. d4 d5 2. Nf3 Nf6 3. Bf4 Nh5 4. Bg5 h6 5. Bh4 g5 6. Bg3 Nxg3 7. hxg3 Bg7 8. c3
Nc6 9. e3 g4 10. Nh4 e6 11. Qxg4 Qf6 12. Qh5 Bd7 13. f4 O-O-O 14. Nd2 Ne7 15.
Bd3 Kb8 16. b4 Nc8 17. a4 Nd6 18. g4 Qe7 19. Nhf3 Be8 20. Qh4 f6 21. a5 a6 22.
Nb3 Bb5 23. Bxb5 Nxb5 24. Rc1 Qf7 25. Qh5 Qf8 26. Nc5 Qe7 27. Qh4 Ka7 28. Kf2 b6
29. axb6+ cxb6 30. Na4 Rc8 31. Rc2 Rc7 32. Ra1 Rhc8 33. g3 Nxc3 34. Nxc3 Rxc3
35. Rxc3 Rxc3 36. b5 a5 37. Ng1 Qe8 38. Ne2 Rc2 39. Rb1 Qc8 40. Qh5 Qd7 41. Qg6
Rc7 42. Kf3 Kb7 43. Nc1 Rc3 44. Ne2 Rc4 45. Kf2 Qe7 46. Ng1 Bf8 47. Nf3 a4 48.
Qd3 a3 49. Nd2 Rc7 50. Qb3 Qd7 51. Ra1 Qc8 52. Ra2 Rc3 53. Qa4 Qa8 54. Qxa8+
Kxa8 55. Ke2 Kb7 56. Nb1 Rb3 57. Ra1 Rb2+ 58. Kd3 Rxb5 59. Kc2 Ra5 60. Nc3 Kc6
61. Kb3 b5 62. Rc1 Kb6 63. Na2 Ra8 64. Rh1 Rc8 65. Rc1 Rc4 66. Rh1 b4 67. Rg1
Kb5 68. Rh1 Rc7 69. Rg1 Rg7 70. Rc1 Rxg4 71. Rc8 Bd6 72. Rd8 Kc6 73. Re8 Rxg3
74. Rxe6 Kd7 75. f5 h5 76. Nxb4 Bxb4 77. Kxb4 h4 78. Ra6 Rxe3 79. Ra7+ Ke8 80.
Ra8+ Kf7 81. Ra7+ Kg8 82. Kc5 h3 83. Rb7 a2 84. Ra7 h2 0-1

[Event "European Blitz 2017"]
[Site "Katowice POL"]
[Date "2017.12.15"]
[Round "21.23"]
[White "Georgiev, Kiril"]
[Black "Fedorov, Alexei"]
[Result "1-0"]
[WhiteTitle "GM"]
[BlackTitle "GM"]
[WhiteElo "2623"]
[BlackElo "2573"]
[WhiteFideId "2900017"]
[BlackFideId "13500465"]
[EventDate "2017.12.15"]
[EventType "blitz"]

1. d4 Nf6 2. Nf3 g6 3. g3 Bg7 4. Bg2 O-O 5. O-O d6 6. c4 c5 7. Nc3 Nc6 8. d5 Na5
9. Nd2 e5 10. b3 h5 11. e4 h4 12. Rb1 Bd7 13. Qe2 b6 14. Nf3 hxg3 15. hxg3 Ng4
16. Bd2 Nb7 17. a3 Qe7 18. b4 f5 19. Nh4 Qf7 20. Bh3 Nh6 21. Kg2 Rae8 22. Nb5 f4
23. Bxd7 Qxd7 24. Nf3 a6 25. Nc3 Nf7 26. Rh1 g5 27. Nh2 Nh6 28. Qh5 g4 29. Nf1
Rf7 30. Qg5 Rf6 31. gxf4 exf4 32. Bxf4 Nf7 33. Qh5 Rxf4 34. Ne2 Rfxe4 35. Neg3
R4e5 36. Qg6 Qe7 37. Qh7+ Kf8 38. Ne3 Ng5 39. Qh4 Qd7 40. Nxg4 cxb4 41. Nxe5
Rxe5 42. f4 Re3 43. Qxg5 Qe7 44. Qxe7+ Rxe7 45. Rxb4 Nc5 46. Rxb6 Nd3 47. Nf5
Re2+ 48. Kf3 Rc2 49. Rb8+ Kf7 50. Rb7+ Kf6 51. Nxg7 Rc3 52. Ne8+ Kf5 53. Rf7+
Kg6 54. Rf6# 1-0

[Event "European Blitz 2017"]
[Site "Katowice POL"]
[Date "2017.12.15"]
[Round "21.24"]
[White "Licznerski, Lukasz"]
[Black "Mastrovasilis, Dimitrios"]
[Result "1/2-1/2"]
[WhiteTitle "FM"]
[BlackTitle "GM"]
[WhiteElo "2267"]
[BlackElo "2582"]
[WhiteFideId "1179250"]
[BlackFideId "4202694"]
[EventDate "2017.12.15"]
[EventType "blitz"]

1. e4 c5 2. Nf3 e6 3. d4 cxd4 4. Nxd4 Nc6 5. Nc3 Qc7 6. Be2 Nf6 7. Be3 a6 8. O-O
Bb4 9. Na4 O-O 10. Nxc6 bxc6 11. f4 d5 12. e5 Nd7 13. c4 Be7 14. Rc1 Qb8 15. Bd3
Bb7 16. Qh5 g6 17. Qh6 Rd8 18. b3 Bf8 19. Qh4 c5 20. cxd5 Bxd5 21. Qf2 a5 22.
Be2 Qb4 23. Nxc5 Nxc5 24. Bxc5 Bxc5 25. Rxc5 a4 26. Bc4 axb3 27. axb3 Bxc4 28.
Rxc4 Qxb3 29. Rc2 Ra4 30. g3 Rad4 31. Kg2 Qd5+ 32. Kh3 Qe4 33. Re1 Qf5+ 34. Kg2
h5 35. h4 Rd3 36. Rce2 Qg4 37. Re3 Rd2 38. R1e2 R2d4 39. Qf3 Qf5 40. Re4 Rd3 1/2-1/2

[Event "European Blitz 2017"]
[Site "Katowice POL"]
[Date "2017.12.15"]
[Round "21.25"]
[White "Moranda, Wojciech"]
[Black "Arnaudov, G. Petar"]
[Result "1-0"]
[WhiteTitle "GM"]
[BlackTitle "GM"]
[WhiteElo "2593"]
[BlackElo "2439"]
[WhiteFideId "1122401"]
[BlackFideId "2907127"]
[EventDate "2017.12.15"]
[EventType "blitz"]

1. d4 Nf6 2. c4 Nc6 3. Nf3 e6 4. g3 d5 5. Nbd2 Bb4 6. Bg2 dxc4 7. O-O Bxd2 8.
Bxd2 Nxd4 9. Ne5 O-O 10. Rc1 Nb5 11. Bb4 Re8 12. Rxc4 Nd5 13. Bd2 Nd6 14. Rc2 f6
15. Nd3 c6 16. e4 Nb6 17. e5 Nf7 18. Bc3 f5 19. Qe2 Nd5 20. Bd2 b6 21. Nb4 c5
22. Nxd5 exd5 23. f4 Be6 24. b4 Qe7 25. bxc5 bxc5 26. Qb5 Rac8 27. Rfc1 c4 28.
Be3 Red8 29. Rd1 Qd7 30. Qa5 Qc7 31. Qxa7 Qxa7 32. Bxa7 Rd7 33. Be3 Nd8 34. Rcd2
c3 35. Rc2 Rc4 36. Rd4 Rc8 37. Rd3 Kf7 1-0